Giáo trình phong cách học tiếng Việt Giáo trình cao đẳng Sư phạm
Na minha lista:
| Autor principal: | |
|---|---|
| Formato: | Livro |
| Idioma: | Vietnamese |
| Publicado em: |
H.
Đại học Sư phạm
2006
|
| Tags: |
Adicionar Tag
Sem tags, seja o primeiro a adicionar uma tag!
|
| Thư viện lưu trữ: | Mạng thư viện Đại học Đà Nẵng |
|---|
| LEADER | 00915nam a2200265 4500 | ||
|---|---|---|---|
| 001 | 000016305 | ||
| 003 | 12705 | ||
| 005 | 20120817140811.0 | ||
| 008 | 120817s2006 viesd | ||
| 041 | 0 | |a vie | |
| 082 | |a 495.922 |b NG-H | ||
| 100 | 0 | |a Nguyễn Thái Hoà | |
| 245 | 0 | |a Giáo trình phong cách học tiếng Việt |b Giáo trình cao đẳng Sư phạm |c Nguyễn Thái Hoà | |
| 260 | |a H. |b Đại học Sư phạm |c 2006 | ||
| 300 | |a 161 tr. |c 24 cm | ||
| OWN | |a LSP | ||
| AVA | |a UDN50 |b LSP |d 495.922 NG-H |e check_holdings |t Error 5003 Not defined in file expand_doc_bib_avail. |h N |k 1 | ||
| 999 | |a From the UDN01 | ||
| AVA | |a UDN50 |b LSP |d 495.922 NG-H |e available |t Error 5001 Not defined in file expand_doc_bib_avail. |f 46 |g 0 |h N |i 88 |k 1 | ||
| TYP | |a Monograph | ||
| TYP | |a Printed language | ||
| 980 | |a Mạng thư viện Đại học Đà Nẵng | ||